Cours d'algebre

Saved in:
Bibliografiske detaljer
Hovedforfatter: Querré, J (Author)
Format: Bog
Sprog:fransk
Udgivet: París Masson 1976
Serier:Maitrise de mathématiques
Fag:
Tags: Tilføj Tag
Ingen Tags, Vær først til at tagge denne postø!

MARC

LEADER 00000nam a2200000 a 4500
001 UCW0734
003 CL-VaPUC
008 890413e19760000FR |||||||||||||||||fre|d
082 0 4 |a 512  |b QUE  |2 21 
100 0 |a Querré, J  |e author  |9 304652 
245 1 0 |a Cours d'algebre 
300 |a 240 p 
942 |c BK 
945 |d 19890413 00:00:00 
260 |a París  |b Masson  |c 1976 
650 0 |a Álgebra  |9 259567 
583 |a last modification  |c 19890413 00:00:00  |k Rodrigo Vera 
490 0 |a Maitrise de mathématiques 
999 |c 215796  |d 215794 
952 |0 0  |1 0  |4 0  |6 512_000000000000000_QUE_1976  |7 0  |8 A  |9 200833  |a BIBMAT  |b BIBMAT  |d 2019-11-14  |i 2679795  |o 512 QUE 1976  |p 2679795  |r 2025-01-07  |w 2019-11-14  |y BK  |k MAT